000 00517nam a2200169Ia 4500
008 090201s9999 xx 000 0 und d
010 _aKPL-29377
040 _bमराठी
041 _aमराठी
082 _a32012
_b29377
100 _aवा शि आपटे
245 _aअसं असतं जंगल
_cवा शि आपटे
260 _c2004
_bब्लॅकी अँड सन
300 _a188
_bमोठा
600 _aअसं असतं जंगल
942 _cBOOK
999 _c230409
_d230409